000
00300nam a22001337a 4500
003
SGT
082
_a
346.5404
_b
PRA
100
_a
PRAKASH ,PREM
245
_a
MOGHA'S THE INDIAN CONVEYANCER
250
_a
9TH
260
_a
CALCUTTA
_b
EASTERN LAW HOUSE
_c
1984
300
_a
XLIII , 859
942
_2
ddc
_c
BK
999
_c
20752
_d
20752